00276nam a22001217a 4500003000400000020001800004082001800022100001500040245003700055260003600092300000800128650001800136SGT a9788172253042 a612.015bB08S aD C Sharma aBiochemistry For Dental Students aNEW DELHIbI.B. PUBLISHERc2008 a372 aBiochemistry